01415cam a22003011 4500001001300000003000400013005001700017008004100034010001700075040003700092043001200129050002400141051002800165100004700193245009600240260004900336300007600385410005500461500008500516501022600601504003000827650004400857650004300901650003900944650005000983710006301033999001701096gs 66000160 DLC20260227111419.0790405s1965 dcuab b 000 0 eng c ags 66000160  aU.S. Geol. Survey Lib.cDLCdDLC an-us-nv00aTC801b.U2 no. 1780 aGB1025.N4bM23cCopy 2.1 aMalmberg, Glenn T.q(Glenn Thomas),d1925-10aAvailable water supply of the Las Vegas ground-water basin, Nevada /cby Glenn T. Malmberg. aWashington :bU.S. Govt. Print. Off.,c1965. avi, 116 p. :billus., maps and portfolio (13 fold. col. maps) ;c24 cm.10aU.S.bGeological Survey.tWater-supply paperv1780 aPrepared in cooperation with Nevada Dept. of Conservation and Natural Resources. aCopy 3 with : Stream hydrology related to the optimum discharge for king salmon spawning in the Northern California coast ranges. Washington : U.S. Govt. Print. Off., 1964. Bound together subsequent to publication.5DLC aBibliography: p. 111-114. 0aWater-supplyzNevadazLas Vegas Region. 0aGroundwaterzNevadazLas Vegas Region. 0aGeologyzNevadazLas Vegas Region. 0aWaterxCompositionzNevadazLas Vegas Region.1 aNevada.bDepartment of Conservation and Natural Resources. c30203d30203